LIBRARY & INFORMATION CENTRE, KCAET, TAVANUR

ONLINE PUBLIC ACCESS CATALOGUE (OPAC)

Erotic in literature / (Record no. 12670)

MARC details
000 -LEADER
fixed length control field 00402cam a2200169ua 4500
041 ## - LANGUAGE CODE
Language code of text/sound track or separate title eng
082 ## - DEWEY DECIMAL CLASSIFICATION NUMBER
Classification number 828.09
Item number LOT/ER
100 ## - MAIN ENTRY--AUTHOR NAME
Personal name Loth, David .
245 ## - TITLE STATEMENT
Title Erotic in literature /
260 ## - PUBLICATION, DISTRIBUTION, ETC. (IMPRINT)
Place of publication London :
Name of publisher Secker & Warburg ,
Year of publication 1961.
300 ## - PHYSICAL DESCRIPTION
Number of Pages 237 ; .
942 ## - ADDED ENTRY ELEMENTS (KOHA)
Koha item type Books
Holdings
Withdrawn status Lost status Damaged status Home library Current library Date acquired Full call number Accession Number Koha item type
Withdrawn     KAUAET Sanskrit University 07/04/2012 828.09 4575 Books
free website counter